[Event "GER-ch U25-C"]
[Site "Willingen"]
[Date "2019.06.09"]
[Round "2"]
[White "Hapke, Marvin"]
[Black "Engels, Marlene"]
[Result "1-0"]
[WhiteElo "1187"]
[BlackElo "1263"]
[PlyCount "73"]
[EventDate "2019.06.08"]
[EventType "swiss"]
[EventRounds "9"]
[EventCountry "GER"]
[SourceTitle "CBM 191 Extra"]
[Source "ChessBase"]
[SourceDate "2019.09.30"]
[SourceVersion "1"]
[SourceVersionDate "2019.09.30"]
[SourceQuality "1"]

1. e4 d6 2. d4 Nd7 3. Nf3 Ngf6 4. Nc3 e5 5. Be3 Be7 6. Qd2 c6 7. h3 Qc7 8. a4 a5 9. Bc4 h6 10. Bb3 Nb6 11. Ba2 Be6 12. 0-0 g5 13. d5 cxd5 14. exd5 Bd7 15. Nb5 Bxb5 16. axb5 e4 17. Nh2 Nbd7 18. Rae1 Ne5 19. f4 gxf4 20. Bxf4 Ng6 21. Bxh6 Qd7 22. Bg7 Ng8 23. Bxh8 Nxh8 24. Rxe4 Kd8 25. b6 Nf6 26. Ref4 Ng6 27. Rxf6 Bxf6 28. Rxf6 Qe7 29. Qf2 Ne5 30. Ng4 Ke8 31. Nxe5 dxe5 32. d6 Qd7 33. Bxf7+ Kd8 34. Qh4 Kc8 35. Qh8+ Qd8 36. Be6+ Kb8 37. Qxd8# 1-0

[Event "GER-chT U14 Girls"]
[Site "Neumuenster"]
[Date "2018.12.29"]
[Round "5.3"]
[White "Visvikis, Kassandra"]
[Black "Engels, Marlene"]
[Result "1-0"]
[WhiteElo "1494"]
[BlackElo "1121"]
[PlyCount "113"]
[EventDate "2018.12.27"]
[EventType "team-swiss"]
[EventRounds "7"]
[EventCountry "GER"]
[SourceTitle "CBM 188 Extra"]
[Source "ChessBase"]
[SourceDate "2019.02.26"]
[SourceVersion "1"]
[SourceVersionDate "2019.02.26"]
[SourceQuality "1"]
[WhiteTeam "Baden-Baden"]
[BlackTeam "Guetersloh"]
[WhiteTeamCountry "GER"]
[BlackTeamCountry "GER"]

1. e4 e5 2. Nf3 Nc6 3. Bb5 d6 4. 0-0 Bd7 5. Ba4 Nf6 6. d3 h6 7. Be3 Be7 8. c3 0-0 9. Nbd2 a6 10. Re1 Ng4 11. Nf1 Bg5 12. Bxg5 hxg5 13. h3 Nh6 14. N3h2 Ne7 15. Bxd7 Qxd7 16. Qh5 Qb5 17. Qxg5 Ng6 18. Qd2 Nf4 19. Rad1 Rfe8 20. d4 Qa4 21. b3 Qc6 22. d5 Qd7 23. Ng3 Qe7 24. Nf3 Qf6 25. Ne2 Rad8 26. Nxf4 exf4 27. c4 Rd7 28. Qd4 Qxd4 29. Nxd4 Rde7 30. f3 c5 31. dxc6 Rc7 32. cxb7 Rxb7 33. Ne2 Rd7 34. Nxf4 g6 35. Nd5 Re6 36. e5 Nf5 37. Nf6+ Rxf6 38. exf6 Rd8 39. c5 d5 40. c6 Rc8 41. Rxd5 Rxc6 42. Rd8+ Kh7 43. Rb1 Rxf6 44. Kf2 Rc6 45. Rb2 Kg7 46. b4 Rb6 47. a4 a5 48. b5 Ne7 49. Rd7 Nc8 50. Rc7 Nd6 51. Rc6 Rxc6 52. bxc6 Nc8 53. c7 Na7 54. Rb8 Kf6 55. c8Q Nxc8 56. Rxc8 Ke7 57. Ra8 1-0